[Event "Russian Championship (Rapid, Women)"]
[Site "Sochi"]
[Date "2018.10.05"]
[Round "5.2"]
[White "Kashlinskaya, Alina"]
[Black "Shuvalova, Polina"]
[Result "1-0"]
[BlackElo "2342"]
[WhiteElo "2353"]
[LiveChessVersion "1.4.8"]

1. d4 {[%clk 0:15:18]} Nf6 {[%clk 0:15:19]} 2. c4 {[%clk 0:15:26]} e6
{[%clk 0:15:28]} 3. Nc3 {[%clk 0:15:35]} d5 {[%clk 0:15:36]} 4. cxd5
{[%clk 0:15:24]} Nxd5 {[%clk 0:15:44]} 5. Nf3 {[%clk 0:14:41]} c5
{[%clk 0:15:45]} 6. e3 {[%clk 0:14:50]} cxd4 {[%clk 0:15:45]} 7. exd4
{[%clk 0:14:54]} Bb4 {[%clk 0:15:47]} 8. Bd2 {[%clk 0:14:53]} Nc6
{[%clk 0:15:53]} 9. Bd3 {[%clk 0:14:48]} Be7 {[%clk 0:16:00]} 10. O-O
{[%clk 0:14:51]} O-O {[%clk 0:16:07]} 11. a3 {[%clk 0:14:00]} Bf6
{[%clk 0:16:14]} 12. Qe2 {[%clk 0:13:26]} Bxd4 {[%clk 0:14:53]} 13. Rad1
{[%clk 0:12:05]} Bf6 {[%clk 0:14:38]} 14. Rfe1 {[%clk 0:11:33]} Bd7
{[%clk 0:13:24]} 15. Qe4 {[%clk 0:11:30]} g6 {[%clk 0:13:32]} 16. Nxd5
{[%clk 0:11:12]} exd5 {[%clk 0:13:40]} 17. Qxd5 {[%clk 0:11:20]} Bg4
{[%clk 0:13:09]} 18. Bc4 {[%clk 0:09:56]} Qc7 {[%clk 0:10:27]} 19. Bh6
{[%clk 0:09:21]} Rfd8 {[%clk 0:10:33]} 20. Qe4 {[%clk 0:09:04]} Bxf3
{[%clk 0:09:37]} 21. Rxd8+ {[%clk 0:08:16]} Qxd8 {[%clk 0:09:35]} 22. Bxf7+
{[%clk 0:08:17]} Kh8 {[%clk 0:09:30]} 23. Qxf3 {[%clk 0:08:04]} Qd4
{[%clk 0:04:49]} 24. b4 {[%clk 0:05:29]} Bg7 {[%clk 0:03:52]} 25. Rd1
{[%clk 0:04:30]} Qe5 {[%clk 0:03:13]} 26. Be3 {[%clk 0:04:04]} Qb2
{[%clk 0:02:12]} 27. Bc5 {[%clk 0:03:25]} a5 {[%clk 0:01:35]} 28. h4
{[%clk 0:02:11]} axb4 29. axb4 {[%clk 0:02:19]} Ra1 {[%clk 0:01:00]} 30. Rxa1
{[%clk 0:02:07]} Qxa1+ {[%clk 0:01:09]} 31. Kh2 {[%clk 0:02:16]} Qe5+
{[%clk 0:00:31]} 32. g3 {[%clk 0:02:24]} Qc7 {[%clk 0:00:26]} 33. Bd5
{[%clk 0:01:48]} Ne5 {[%clk 0:00:30]} 34. Qa3 {[%clk 0:01:55]} Qc8
{[%clk 0:00:20]} 35. Qa7 {[%clk 0:01:39]} b5 {[%clk 0:00:17]} 36. Qe7
{[%clk 0:01:24]} Nd3 {[%clk 0:00:14]} 37. Be3 {[%clk 0:00:59]} Bc3
{[%clk 0:00:16]} 38. Qe4 {[%clk 0:00:56]} 1-0

[Event "Russian Championship (Rapid, Women)"]
[Site "Sochi"]
[Date "2018.10.05"]
[Round "5.3"]
[White "Bodnaruk, Anastasia"]
[Black "Styazhkina, Anna"]
[Result "0-1"]
[BlackElo "2214"]
[WhiteElo "2479"]
[LiveChessVersion "1.4.8"]

1. e4 {[%clk 0:15:19]} e5 {[%clk 0:15:15]} 2. Nf3 {[%clk 0:15:27]} Nc6
{[%clk 0:15:18]} 3. Bc4 {[%clk 0:15:32]} Bc5 {[%clk 0:15:21]} 4. d3
{[%clk 0:15:36]} Nf6 {[%clk 0:15:18]} 5. O-O {[%clk 0:15:38]} d6 {[%clk 0:15:11]}
6. c3 {[%clk 0:15:42]} a6 {[%clk 0:15:14]} 7. Bb3 {[%clk 0:15:48]} Ba7
{[%clk 0:15:19]} 8. h3 {[%clk 0:15:26]} h6 {[%clk 0:15:23]} 9. Nbd2
{[%clk 0:15:20]} Ne7 {[%clk 0:15:14]} 10. d4 {[%clk 0:14:45]} Ng6
{[%clk 0:15:12]} 11. Re1 {[%clk 0:14:29]} O-O {[%clk 0:14:39]} 12. Nf1
{[%clk 0:14:32]} c5 {[%clk 0:14:17]} 13. Ng3 {[%clk 0:12:48]} b5 {[%clk 0:14:07]}
14. Be3 {[%clk 0:11:23]} Bb7 {[%clk 0:13:38]} 15. d5 {[%clk 0:11:24]} c4
{[%clk 0:12:36]} 16. Bc2 {[%clk 0:11:33]} a5 {[%clk 0:12:09]} 17. Qd2
{[%clk 0:10:13]} Bc8 {[%clk 0:10:48]} 18. a4 {[%clk 0:06:58]} Bxe3
{[%clk 0:10:35]} 19. fxe3 {[%clk 0:05:57]} Rb8 {[%clk 0:10:36]} 20. axb5
{[%clk 0:05:52]} Rxb5 {[%clk 0:10:44]} 21. Ra2 {[%clk 0:05:47]} Qb6
{[%clk 0:09:36]} 22. Ba4 {[%clk 0:04:53]} Rc5 {[%clk 0:09:44]} 23. Qe2
{[%clk 0:04:18]} Bd7 {[%clk 0:08:46]} 24. Bxd7 {[%clk 0:04:21]} Nxd7
{[%clk 0:08:54]} 25. Nd2 {[%clk 0:04:17]} Qc7 {[%clk 0:04:15]} 26. Nf5
{[%clk 0:04:14]} Nf6 {[%clk 0:03:42]} 27. Rf1 {[%clk 0:04:14]} Kh7
{[%clk 0:02:54]} 28. Qf3 {[%clk 0:03:55]} Ng8 {[%clk 0:02:43]} 29. Qg3
{[%clk 0:02:42]} N8e7 {[%clk 0:00:43]} 30. h4 {[%clk 0:02:40]} Rg8
{[%clk 0:00:20]} 31. h5 {[%clk 0:02:00]} Nh8 {[%clk 0:00:20]} 32. Nh4
{[%clk 0:01:34]} f6 {[%clk 0:00:27]} 33. Ndf3 {[%clk 0:01:35]} Nf7
{[%clk 0:00:32]} 34. Ng6 {[%clk 0:01:23]} Rb8 {[%clk 0:00:14]} 35. Nfh4
{[%clk 0:00:53]} Ng5 {[%clk 0:00:21]} 36. Qg4 {[%clk 0:00:35]} Qc8
{[%clk 0:00:18]} 37. Qg3 {[%clk 0:00:16]} Nxg6 {[%clk 0:00:19]} 38. hxg6+
{[%clk 0:00:19]} Kg8 {[%clk 0:00:21]} 39. Nf5 {[%clk 0:00:21]} Qd7
{[%clk 0:00:29]} 40. Qg4 {[%clk 0:00:19]} Kf8 {[%clk 0:00:18]} 41. Rfa1
{[%clk 0:00:15]} Rbb5 {[%clk 0:00:20]} 42. Rf1 {[%clk 0:00:19]} Rb7
{[%clk 0:00:18]} 43. Rf2 {[%clk 0:00:25]} Rcb5 {[%clk 0:00:19]} 44. Qh4
{[%clk 0:00:31]} Ke8 {[%clk 0:00:15]} 45. Qg4 {[%clk 0:00:23]} Kd8
{[%clk 0:00:18]} 46. Qh4 {[%clk 0:00:15]} Kc7 {[%clk 0:00:16]} 47. Qg4
{[%clk 0:00:14]} Rb8 {[%clk 0:00:20]} 48. Qh4 {[%clk 0:00:17]} R8b7
{[%clk 0:00:18]} 49. Qg4 {[%clk 0:00:14]} Kb8 {[%clk 0:00:22]} 50. Qh4
{[%clk 0:00:21]} Kc7 {[%clk 0:00:23]} 51. Rd2 {[%clk 0:00:16]} Kb8
{[%clk 0:00:19]} 52. Rf2 {[%clk 0:00:19]} R7b6 {[%clk 0:00:23]} 53. Qg4
{[%clk 0:00:15]} Rb7 {[%clk 0:00:23]} 54. Qh4 {[%clk 0:00:24]} Rc5
{[%clk 0:00:29]} 55. Rf1 {[%clk 0:00:19]} Kc7 {[%clk 0:00:36]} 56. Qg4
{[%clk 0:00:17]} Rbb5 {[%clk 0:00:32]} 57. Qh4 {[%clk 0:00:15]} Rb8
{[%clk 0:00:15]} 58. Rfa1 {[%clk 0:00:17]} Rbb5 {[%clk 0:00:24]} 59. Qg4
{[%clk 0:00:19]} Kd8 {[%clk 0:00:19]} 60. Rf1 {[%clk 0:00:16]} Rb6
{[%clk 0:00:22]} 61. Qh4 {[%clk 0:00:21]} Kc7 {[%clk 0:00:20]} 62. Nxh6
{[%clk 0:00:17]} gxh6 {[%clk 0:00:24]} 63. Qxh6 {[%clk 0:00:25]} Nxe4
{[%clk 0:00:16]} 64. g7 {[%clk 0:00:27]} Rb8 {[%clk 0:00:21]} 65. Qg6
{[%clk 0:00:24]} Rg8 {[%clk 0:00:17]} 66. Qxe4 {[%clk 0:00:32]} Qxg7
{[%clk 0:00:24]} 67. Ra4 {[%clk 0:00:25]} Qg4 {[%clk 0:00:14]} 68. Qxg4
{[%clk 0:00:13]} Rxg4 {[%clk 0:00:21]} 69. Rd1 {[%clk 0:00:14]} Kb6
{[%clk 0:00:23]} 70. Kf2 {[%clk 0:00:14]} f5 {[%clk 0:00:20]} 71. Raa1
{[%clk 0:00:13]} Rc8 {[%clk 0:00:25]} 72. Rh1 {[%clk 0:00:18]} Rcg8
{[%clk 0:00:26]} 73. Rh2 {[%clk 0:00:26]} f4 {[%clk 0:00:20]} 74. e4
{[%clk 0:00:22]} R8g6 {[%clk 0:00:17]} 75. Re1 {[%clk 0:00:20]} Rg3
{[%clk 0:00:18]} 76. Re2 {[%clk 0:00:24]} Kc5 {[%clk 0:00:17]} 77. Re1
{[%clk 0:00:17]} Rd3 {[%clk 0:00:17]} 78. Re2 {[%clk 0:00:23]} Rdg3
{[%clk 0:00:13]} 79. Kf1 {[%clk 0:00:26]} a4 {[%clk 0:00:17]} 80. Rh8
{[%clk 0:00:29]} Rg8 {[%clk 0:00:13]} 81. Rh7 {[%clk 0:00:30]} R3g7
{[%clk 0:00:16]} 82. Rh6 {[%clk 0:00:28]} Rb8 {[%clk 0:00:18]} 83. Rh2
{[%clk 0:00:13]} Rgb7 {[%clk 0:00:17]} 84. g4 {[%clk 0:00:19]} fxg3
{[%clk 0:00:24]} 85. Rhg2 {[%clk 0:00:28]} Rf8+ {[%clk 0:00:21]} 86. Ke1
{[%clk 0:00:24]} Rf3 {[%clk 0:00:29]} 87. Kd1 {[%clk 0:00:15]} a3
{[%clk 0:00:34]} 88. bxa3 {[%clk 0:00:22]} Rxc3 {[%clk 0:00:42]} 89. Ra2
{[%clk 0:00:16]} Rb1+ {[%clk 0:00:29]} 90. Kd2 {[%clk 0:00:18]} Rf3
{[%clk 0:00:28]} 91. Ke2 {[%clk 0:00:19]} Rfb3 {[%clk 0:00:33]} 92. Rd2
{[%clk 0:00:20]} R1b2 {[%clk 0:00:22]} 93. Rg1 {[%clk 0:00:26]} Rxd2+
{[%clk 0:00:24]} 94. Kxd2 {[%clk 0:00:35]} Rxa3 {[%clk 0:00:31]} 95. Ke2
{[%clk 0:00:29]} Kd4 {[%clk 0:00:36]} 96. Rc1 {[%clk 0:00:38]} Rc3
{[%clk 0:00:30]} 97. Ra1 {[%clk 0:00:19]} Kxe4 {[%clk 0:00:36]} 98. Ra8
{[%clk 0:00:22]} Rc2+ {[%clk 0:00:39]} 99. Kd1 {[%clk 0:00:31]} g2
{[%clk 0:00:44]} 100. Rg8 {[%clk 0:00:39]} Ra2 {[%clk 0:00:52]} 0-1

[Event "Russian Championship (Rapid, Women)"]
[Site "Sochi"]
[Date "2018.10.05"]
[Round "5.4"]
[White "Belenkaya, Dina"]
[Black "Bivol, Alina"]
[Result "0-1"]
[BlackElo "2322"]
[WhiteElo "2204"]
[LiveChessVersion "1.4.8"]

1. e4 {[%clk 0:15:18]} e6 {[%clk 0:15:19]} 2. Qe2 {[%clk 0:14:35]} c5
{[%clk 0:15:28]} 3. Nf3 {[%clk 0:14:36]} Nc6 {[%clk 0:15:36]} 4. g3
{[%clk 0:14:40]} Nf6 {[%clk 0:15:42]} 5. Bg2 {[%clk 0:14:40]} Be7
{[%clk 0:15:29]} 6. d3 {[%clk 0:14:42]} d5 {[%clk 0:15:30]} 7. O-O
{[%clk 0:14:37]} dxe4 {[%clk 0:15:26]} 8. dxe4 {[%clk 0:14:45]} e5
{[%clk 0:15:34]} 9. c3 {[%clk 0:14:44]} O-O {[%clk 0:15:33]} 10. Rd1
{[%clk 0:14:36]} Qc7 {[%clk 0:15:34]} 11. a4 {[%clk 0:14:41]} a6 {[%clk 0:15:24]}
12. Nbd2 {[%clk 0:14:43]} Rb8 {[%clk 0:14:54]} 13. Nf1 {[%clk 0:14:35]} b5
{[%clk 0:14:55]} 14. axb5 {[%clk 0:14:39]} axb5 {[%clk 0:15:03]} 15. Bg5
{[%clk 0:14:23]} Be6 {[%clk 0:14:38]} 16. Bxf6 {[%clk 0:14:20]} Bxf6
{[%clk 0:14:42]} 17. Ne3 {[%clk 0:14:28]} Rfd8 {[%clk 0:14:22]} 18. Ne1
{[%clk 0:13:18]} Qb7 {[%clk 0:13:31]} 19. N1c2 {[%clk 0:13:01]} Be7
{[%clk 0:13:28]} 20. Nd5 {[%clk 0:12:35]} Bf8 {[%clk 0:13:26]} 21. Nce3
{[%clk 0:11:50]} Ra8 {[%clk 0:13:30]} 22. Qf1 {[%clk 0:04:49]} Rdb8
{[%clk 0:13:03]} 23. Bh3 {[%clk 0:04:13]} Na5 {[%clk 0:11:50]} 24. Bf5
{[%clk 0:04:04]} Bxf5 {[%clk 0:11:10]} 25. Nxf5 {[%clk 0:03:59]} Nc4
{[%clk 0:10:01]} 26. Qe2 {[%clk 0:03:37]} Rxa1 {[%clk 0:09:21]} 27. Rxa1
{[%clk 0:03:46]} g6 {[%clk 0:09:22]} 28. Nfe3 {[%clk 0:03:40]} Nd6
{[%clk 0:09:25]} 29. Ng4 {[%clk 0:02:43]} Bg7 {[%clk 0:09:34]} 30. f3
{[%clk 0:02:40]} h5 {[%clk 0:07:48]} 31. Nf2 {[%clk 0:02:44]} c4 {[%clk 0:07:13]}
32. Qe3 {[%clk 0:02:46]} Nc8 {[%clk 0:06:55]} 33. Qc5 {[%clk 0:02:18]} Kh7
{[%clk 0:04:50]} 34. Ra5 {[%clk 0:02:14]} Qd7 {[%clk 0:03:56]} 35. Nd1
{[%clk 0:01:44]} Nd6 {[%clk 0:03:45]} 36. N1e3 {[%clk 0:00:57]} Kh8
{[%clk 0:02:21]} 37. Ra7 {[%clk 0:00:42]} Nb7 {[%clk 0:01:23]} 38. Qb6
{[%clk 0:00:44]} Bf8 {[%clk 0:01:20]} 39. Qf6+ {[%clk 0:00:44]} Bg7
{[%clk 0:01:30]} 40. Qa6 {[%clk 0:00:52]} Bf8 {[%clk 0:01:23]} 41. Qf6+
{[%clk 0:00:55]} Bg7 {[%clk 0:01:32]} 42. Qb6 {[%clk 0:00:41]} Bf8
{[%clk 0:01:41]} 43. Qf6+ {[%clk 0:00:41]} Bg7 {[%clk 0:01:49]} 44. Qe7
{[%clk 0:00:41]} Qxe7 {[%clk 0:01:47]} 45. Nxe7 {[%clk 0:00:50]} Nc5
{[%clk 0:01:29]} 46. Nc6 {[%clk 0:00:39]} Rc8 {[%clk 0:00:33]} 47. Nb4
{[%clk 0:00:47]} Kg8 {[%clk 0:00:32]} 48. Ra5 {[%clk 0:00:47]} Rb8
{[%clk 0:00:38]} 49. Kf1 {[%clk 0:00:51]} Nb3 {[%clk 0:00:34]} 50. Ra6
{[%clk 0:00:43]} Bf8 {[%clk 0:00:20]} 51. Nbd5 {[%clk 0:00:47]} Nc5
{[%clk 0:00:23]} 52. Ra5 {[%clk 0:00:50]} Nd3 {[%clk 0:00:31]} 53. Nd1
{[%clk 0:00:48]} b4 {[%clk 0:00:40]} 54. Nf6+ {[%clk 0:00:20]} Kg7
{[%clk 0:00:50]} 55. Nd7 {[%clk 0:00:29]} bxc3 {[%clk 0:00:42]} 56. bxc3
{[%clk 0:00:38]} Rb1 {[%clk 0:00:44]} 57. Ke2 {[%clk 0:00:46]} Nc1+
{[%clk 0:00:53]} 58. Ke1 {[%clk 0:00:49]} Nd3+ {[%clk 0:00:34]} 59. Kd2
{[%clk 0:00:58]} Bd6 {[%clk 0:02:20]} 60. Ra6 {[%clk 0:00:46]} Be7
{[%clk 0:02:21]} 61. Nb6 {[%clk 0:00:28]} Bg5+ {[%clk 0:01:55]} 62. Ke2
{[%clk 0:00:36]} Nc5 {[%clk 0:00:58]} 63. Ra5 {[%clk 0:00:35]} Nb7
{[%clk 0:00:57]} 64. Ra6 {[%clk 0:00:32]} Nc5 {[%clk 0:00:44]} 65. Ra5
{[%clk 0:00:41]} Nb3 {[%clk 0:00:46]} 66. Rxe5 {[%clk 0:00:28]} Nc1+
{[%clk 0:00:44]} 67. Ke1 {[%clk 0:00:36]} Nd3+ {[%clk 0:00:53]} 68. Ke2
{[%clk 0:00:42]} Nxe5 {[%clk 0:01:01]} 69. f4 {[%clk 0:00:51]} Rxb6
{[%clk 0:01:09]} 70. fxe5 {[%clk 0:00:59]} Rb5 {[%clk 0:01:14]} 0-1

[Event "Russian Championship (Rapid, Women)"]
[Site "Sochi"]
[Date "2018.10.05"]
[Round "5.5"]
[White "Guseva, Marina"]
[Black "Baraeva, Marina"]
[Result "1/2-1/2"]
[BlackElo "2204"]
[WhiteElo "2320"]
[LiveChessVersion "1.4.8"]

1. d4 {[%clk 0:15:19]} d5 {[%clk 0:15:17]} 2. c4 {[%clk 0:15:27]} c6
{[%clk 0:15:26]} 3. Nc3 {[%clk 0:15:35]} Nf6 {[%clk 0:15:35]} 4. e3
{[%clk 0:15:44]} g6 {[%clk 0:15:43]} 5. Nf3 {[%clk 0:15:51]} Bg7 {[%clk 0:15:51]}
6. Bd3 {[%clk 0:15:58]} O-O {[%clk 0:15:59]} 7. O-O {[%clk 0:16:06]} dxc4
{[%clk 0:16:03]} 8. Bxc4 {[%clk 0:16:14]} Bg4 {[%clk 0:16:06]} 9. h3
{[%clk 0:16:21]} Bxf3 {[%clk 0:16:13]} 10. Qxf3 {[%clk 0:16:30]} Nbd7
{[%clk 0:16:16]} 11. Rd1 {[%clk 0:16:30]} Qc7 {[%clk 0:16:11]} 12. Bb3
{[%clk 0:13:47]} e5 {[%clk 0:15:54]} 13. d5 {[%clk 0:13:20]} cxd5
{[%clk 0:14:35]} 14. Nxd5 {[%clk 0:13:27]} Nxd5 {[%clk 0:14:30]} 15. Bxd5
{[%clk 0:13:34]} Rab8 {[%clk 0:14:40]} 16. Bd2 {[%clk 0:13:31]} Nf6
{[%clk 0:14:35]} 17. Bb3 {[%clk 0:13:15]} e4 {[%clk 0:14:35]} 18. Qe2
{[%clk 0:13:10]} Rfd8 {[%clk 0:14:31]} 19. Rac1 {[%clk 0:12:33]} Qe7
{[%clk 0:14:20]} 20. Qc4 {[%clk 0:12:05]} b5 {[%clk 0:13:12]} 21. Qc7
{[%clk 0:11:02]} Qxc7 {[%clk 0:13:19]} 22. Rxc7 {[%clk 0:11:11]} Rd7
{[%clk 0:13:27]} 23. Rxd7 {[%clk 0:09:59]} Nxd7 {[%clk 0:13:32]} 24. Bb4
{[%clk 0:09:27]} Nb6 {[%clk 0:12:49]} 25. Rd2 {[%clk 0:07:19]} Nc4
{[%clk 0:11:39]} 26. Rd7 {[%clk 0:07:25]} a5 {[%clk 0:11:31]} 27. Bc3
{[%clk 0:03:14]} Bxc3 {[%clk 0:09:18]} 28. bxc3 {[%clk 0:03:20]} a4
{[%clk 0:09:24]} 29. Bxc4 {[%clk 0:03:16]} bxc4 {[%clk 0:09:32]} 30. Rd4
{[%clk 0:03:18]} Rb1+ {[%clk 0:09:36]} 31. Kh2 {[%clk 0:03:27]} Rb2
{[%clk 0:09:45]} 32. Rxc4 {[%clk 0:02:43]} Rxa2 {[%clk 0:09:41]} 33. Rxe4
{[%clk 0:02:49]} Rxf2 {[%clk 0:09:32]} 34. Rxa4 {[%clk 0:02:58]} Re2
{[%clk 0:09:12]} 35. e4 {[%clk 0:02:48]} Kg7 {[%clk 0:08:39]} 36. Rc4
{[%clk 0:02:46]} Kf6 {[%clk 0:08:13]} 37. Kg3 {[%clk 0:02:53]} h5
{[%clk 0:08:04]} 38. Kf3 {[%clk 0:03:01]} Rc2 {[%clk 0:08:10]} 39. h4
{[%clk 0:02:39]} Ke5 {[%clk 0:08:10]} 40. g3 {[%clk 0:02:30]} Rc1
{[%clk 0:08:14]} 41. Rc5+ {[%clk 0:02:33]} Kd6 {[%clk 0:07:54]} 42. Rd5+
{[%clk 0:02:21]} Ke6 {[%clk 0:08:09]} 43. Rd3 {[%clk 0:02:29]} Ke5
{[%clk 0:07:26]} 44. Re3 {[%clk 0:02:32]} f6 {[%clk 0:07:20]} 45. Ke2
{[%clk 0:02:35]} g5 {[%clk 0:07:22]} 46. Kd3 {[%clk 0:02:12]} gxh4
{[%clk 0:07:22]} 47. gxh4 {[%clk 0:02:21]} Rh1 {[%clk 0:07:30]} 48. Rf3
{[%clk 0:02:28]} Rxh4 {[%clk 0:07:13]} 49. Rf5+ {[%clk 0:02:37]} Ke6
{[%clk 0:07:22]} 50. Kd4 {[%clk 0:02:45]} Rh1 {[%clk 0:07:25]} 51. c4
{[%clk 0:02:49]} h4 {[%clk 0:07:12]} 52. Rh5 {[%clk 0:02:07]} h3 {[%clk 0:07:16]}
53. Ke3 {[%clk 0:01:38]} h2 {[%clk 0:06:57]} 54. Kf2 {[%clk 0:01:46]} Rc1
{[%clk 0:07:03]} 55. Rxh2 {[%clk 0:01:52]} Rxc4 {[%clk 0:07:08]} 56. Ke3
{[%clk 0:01:59]} Ke5 1/2-1/2

[Event "Russian Championship (Rapid, Women)"]
[Site "Sochi"]
[Date "2018.10.05"]
[Round "5.6"]
[White "Maltsevskaya, Aleksandra"]
[Black "Kovanova, Baira"]
[Result "1/2-1/2"]
[BlackElo "2317"]
[WhiteElo "2194"]
[LiveChessVersion "1.4.8"]

1. Nf3 {[%clk 0:15:17]} Nf6 {[%clk 0:15:19]} 2. g3 {[%clk 0:15:26]} e6
{[%clk 0:15:18]} 3. Bg2 {[%clk 0:15:25]} d5 {[%clk 0:15:23]} 4. O-O
{[%clk 0:15:19]} c5 {[%clk 0:15:28]} 5. d4 {[%clk 0:15:18]} cxd4 {[%clk 0:14:33]}
6. Nxd4 {[%clk 0:15:26]} Be7 {[%clk 0:14:27]} 7. c4 {[%clk 0:15:26]} O-O
{[%clk 0:14:10]} 8. cxd5 {[%clk 0:15:25]} Nxd5 {[%clk 0:13:56]} 9. Nc3
{[%clk 0:13:51]} Nxc3 {[%clk 0:13:12]} 10. bxc3 {[%clk 0:13:59]} e5
{[%clk 0:12:51]} 11. Nb3 {[%clk 0:14:03]} Qc7 {[%clk 0:12:33]} 12. c4
{[%clk 0:12:45]} Bf5 {[%clk 0:11:06]} 13. Bb2 {[%clk 0:10:40]} Nc6
{[%clk 0:09:58]} 14. Qc1 {[%clk 0:10:34]} Rfd8 {[%clk 0:09:24]} 15. Qe3
{[%clk 0:10:34]} Bf6 {[%clk 0:08:51]} 16. Rfd1 {[%clk 0:09:59]} a5
{[%clk 0:07:55]} 17. Rac1 {[%clk 0:08:58]} Nb4 {[%clk 0:05:53]} 18. a3
{[%clk 0:07:13]} Nc6 {[%clk 0:05:19]} 19. Nc5 {[%clk 0:06:53]} Nd4
{[%clk 0:03:01]} 20. Ne4 {[%clk 0:06:59]} Bxe4 {[%clk 0:02:47]} 21. Qxe4
{[%clk 0:07:01]} Rab8 {[%clk 0:02:41]} 22. Bxd4 {[%clk 0:02:26]} 1/2-1/2

[Event "Russian Championship (Rapid, Women)"]
[Site "Sochi"]
[Date "2018.10.05"]
[Round "5.7"]
[White "Tomilova, Elena"]
[Black "Baraeva, Irina"]
[Result "1-0"]
[BlackElo "2174"]
[WhiteElo "2275"]
[LiveChessVersion "1.4.8"]

1. c4 {[%clk 0:15:18]} e5 {[%clk 0:15:19]} 2. g3 {[%clk 0:15:26]} Nf6
{[%clk 0:15:26]} 3. Bg2 {[%clk 0:15:35]} d5 {[%clk 0:15:34]} 4. cxd5
{[%clk 0:15:42]} Nxd5 {[%clk 0:15:42]} 5. Nf3 {[%clk 0:15:51]} Nc6
{[%clk 0:15:50]} 6. O-O {[%clk 0:15:58]} Be7 {[%clk 0:15:57]} 7. d4
{[%clk 0:16:05]} e4 {[%clk 0:15:03]} 8. Ne5 {[%clk 0:16:12]} Ndb4
{[%clk 0:12:23]} 9. Nxc6 {[%clk 0:12:49]} Nxc6 {[%clk 0:12:30]} 10. d5
{[%clk 0:12:50]} Nb4 {[%clk 0:12:17]} 11. Bxe4 {[%clk 0:12:37]} Bh3
{[%clk 0:12:17]} 12. Re1 {[%clk 0:12:36]} h5 {[%clk 0:12:01]} 13. Nc3
{[%clk 0:12:12]} h4 {[%clk 0:12:01]} 14. a3 {[%clk 0:10:16]} Na6 {[%clk 0:11:48]}
15. d6 {[%clk 0:10:16]} Bxd6 {[%clk 0:11:42]} 16. Bxb7 {[%clk 0:10:11]} hxg3
{[%clk 0:11:06]} 17. hxg3 {[%clk 0:09:40]} Nc5 {[%clk 0:10:35]} 18. Bxa8
{[%clk 0:09:16]} Qxa8 {[%clk 0:10:39]} 19. Qd5 {[%clk 0:09:23]} Qc8
{[%clk 0:10:27]} 20. Ne4 {[%clk 0:07:12]} Be6 {[%clk 0:06:58]} 21. Qc6+
{[%clk 0:06:57]} Bd7 {[%clk 0:06:29]} 22. Nxd6+ {[%clk 0:07:02]} cxd6
{[%clk 0:06:38]} 23. Qxc8+ {[%clk 0:07:04]} Bxc8 {[%clk 0:06:46]} 24. Be3
{[%clk 0:07:01]} Bb7 {[%clk 0:06:55]} 25. f3 {[%clk 0:07:09]} Ke7
{[%clk 0:06:20]} 26. Bxc5 {[%clk 0:07:04]} dxc5 {[%clk 0:06:28]} 27. Rac1
{[%clk 0:07:08]} Rc8 {[%clk 0:06:36]} 28. Rc3 {[%clk 0:06:59]} a5
{[%clk 0:06:29]} 29. Rec1 {[%clk 0:06:28]} Kd6 {[%clk 0:06:31]} 30. Rd1+
{[%clk 0:06:26]} Ke6 {[%clk 0:06:39]} 31. Re3+ {[%clk 0:06:28]} Kf6
{[%clk 0:06:47]} 32. Rd6+ {[%clk 0:06:22]} 1-0

[Event "Russian Championship (Rapid, Women)"]
[Site "Sochi"]
[Date "2018.10.05"]
[Round "5.8"]
[White "Solozhenkina, Elizaveta"]
[Black "Sukhareva, Evgeniya"]
[Result "1/2-1/2"]
[BlackElo "2258"]
[WhiteElo "2189"]
[LiveChessVersion "1.4.8"]

1. e4 {[%clk 0:15:19]} g6 {[%clk 0:15:19]} 2. d4 {[%clk 0:15:25]} Bg7
{[%clk 0:15:29]} 3. Nf3 {[%clk 0:15:34]} d6 {[%clk 0:15:38]} 4. Be2
{[%clk 0:15:38]} Nf6 {[%clk 0:15:45]} 5. Nc3 {[%clk 0:15:47]} O-O
{[%clk 0:15:52]} 6. O-O {[%clk 0:15:55]} c6 {[%clk 0:16:01]} 7. h3
{[%clk 0:15:25]} Nfd7 {[%clk 0:15:38]} 8. a4 {[%clk 0:14:32]} e5 {[%clk 0:15:09]}
9. a5 {[%clk 0:13:55]} exd4 {[%clk 0:15:03]} 10. Nxd4 {[%clk 0:14:03]} Nc5
{[%clk 0:15:11]} 11. Bf4 {[%clk 0:13:37]} Re8 {[%clk 0:15:07]} 12. Bf3
{[%clk 0:13:22]} Bf8 {[%clk 0:14:33]} 13. Qd2 {[%clk 0:12:51]} Nbd7
{[%clk 0:14:39]} 14. b4 {[%clk 0:10:06]} Na6 {[%clk 0:14:37]} 15. b5
{[%clk 0:09:50]} cxb5 {[%clk 0:14:45]} 16. Nd5 {[%clk 0:09:26]} Bg7
{[%clk 0:12:24]} 17. Bxd6 {[%clk 0:07:23]} Ndc5 {[%clk 0:12:12]} 18. e5
{[%clk 0:05:26]} Bxe5 {[%clk 0:10:47]} 19. Bxe5 {[%clk 0:05:34]} Rxe5
{[%clk 0:10:55]} 20. Nxb5 {[%clk 0:05:06]} Be6 {[%clk 0:08:59]} 21. c4
{[%clk 0:04:34]} Nd7 {[%clk 0:05:13]} 22. Rfe1 {[%clk 0:03:41]} Rxe1+
{[%clk 0:04:34]} 23. Rxe1 {[%clk 0:03:50]} Rc8 {[%clk 0:04:36]} 24. Nd6
{[%clk 0:03:46]} Rb8 {[%clk 0:04:28]} 25. Qf4 {[%clk 0:02:31]} Qf8
{[%clk 0:03:38]} 26. Bg4 {[%clk 0:01:43]} Nac5 {[%clk 0:03:28]} 27. Bxe6
{[%clk 0:01:12]} fxe6 {[%clk 0:02:32]} 28. Qxf8+ {[%clk 0:01:20]} Kxf8
{[%clk 0:02:25]} 29. Nf4 {[%clk 0:00:47]} Ke7 {[%clk 0:02:26]} 30. Nb5
{[%clk 0:00:55]} a6 {[%clk 0:01:57]} 31. Nd4 {[%clk 0:00:57]} e5 {[%clk 0:00:59]}
32. Nd5+ {[%clk 0:01:04]} Kd6 {[%clk 0:00:55]} 33. Nf3 {[%clk 0:01:01]} Nb3
{[%clk 0:00:28]} 34. Rd1 {[%clk 0:00:56]} Kc6 {[%clk 0:00:26]} 35. Ne7+
{[%clk 0:00:33]} Kc7 {[%clk 0:00:35]} 36. Nd5+ {[%clk 0:00:34]} Kc6
{[%clk 0:00:43]} 37. Ne7+ {[%clk 0:00:42]} Kc7 {[%clk 0:00:53]} 38. Nd5+
{[%clk 0:00:33]} 1/2-1/2

[Event "Russian Championship (Rapid, Women)"]
[Site "Sochi"]
[Date "2018.10.05"]
[Round "5.9"]
[White "Dordzhieva, Dinara"]
[Black "Nebolsina, Vera"]
[Result "1-0"]
[BlackElo "2157"]
[WhiteElo "2248"]
[LiveChessVersion "1.4.8"]

1. Nf3 {[%clk 0:14:37]} Nf6 {[%clk 0:15:15]} 2. c4 {[%clk 0:14:46]} g6
{[%clk 0:15:17]} 3. g3 {[%clk 0:14:55]} Bg7 {[%clk 0:15:24]} 4. Bg2
{[%clk 0:15:02]} d6 {[%clk 0:15:23]} 5. d4 {[%clk 0:15:11]} O-O {[%clk 0:15:27]}
6. O-O {[%clk 0:15:20]} Nc6 {[%clk 0:15:32]} 7. Nc3 {[%clk 0:15:28]} a6
{[%clk 0:15:37]} 8. b3 {[%clk 0:14:55]} Rb8 {[%clk 0:15:19]} 9. Bb2
{[%clk 0:15:03]} b5 {[%clk 0:14:49]} 10. cxb5 {[%clk 0:15:12]} axb5
{[%clk 0:14:56]} 11. Rc1 {[%clk 0:15:21]} b4 {[%clk 0:14:01]} 12. Na4
{[%clk 0:15:29]} Bb7 {[%clk 0:13:39]} 13. Qc2 {[%clk 0:15:12]} Ne8
{[%clk 0:09:53]} 14. Rfd1 {[%clk 0:15:05]} Qd7 {[%clk 0:09:02]} 15. d5
{[%clk 0:14:18]} Na7 {[%clk 0:08:23]} 16. Bxg7 {[%clk 0:14:07]} Kxg7
{[%clk 0:08:25]} 17. Qd2 {[%clk 0:14:09]} c5 {[%clk 0:07:45]} 18. dxc6
{[%clk 0:13:28]} Bxc6 {[%clk 0:07:25]} 19. Nc5 {[%clk 0:11:58]} dxc5
{[%clk 0:04:26]} 20. Qb2+ {[%clk 0:11:29]} Nf6 {[%clk 0:04:34]} 21. Rxd7
{[%clk 0:11:37]} Bxd7 {[%clk 0:04:42]} 22. Rxc5 {[%clk 0:11:02]} Rfc8
{[%clk 0:04:47]} 23. Rxc8 {[%clk 0:10:52]} Rxc8 {[%clk 0:04:56]} 24. Ne5
{[%clk 0:09:58]} Bf5 {[%clk 0:04:54]} 25. g4 {[%clk 0:09:21]} Rc2
{[%clk 0:04:48]} 26. Qa1 {[%clk 0:09:03]} Nb5 {[%clk 0:04:20]} 27. gxf5
{[%clk 0:08:44]} Nc3 {[%clk 0:04:29]} 28. Bf3 {[%clk 0:08:47]} gxf5
{[%clk 0:03:17]} 29. Qf1 {[%clk 0:08:41]} Nfe4 {[%clk 0:03:04]} 30. Qh3
{[%clk 0:08:01]} e6 {[%clk 0:02:21]} 31. Qh5 {[%clk 0:07:42]} Kf6
{[%clk 0:02:08]} 32. Nd3 {[%clk 0:06:21]} Nd5 {[%clk 0:01:52]} 33. Qh4+
{[%clk 0:06:11]} Ng5 {[%clk 0:15:10]} 1-0